000 01094cam a2200265 a 4500
001 000004228
005 20200929151420.0
008 010117s2000 cl 001 0 spa
020 _a8479085673
040 _aDO-SdBNP
_cDLC
082 _aH868.998
_bH117t
100 1 _aHachim Lara, Luis.
_912488
245 1 0 _aTres estudios sobre el pensamiento crítico de la ilustración americana ; prólogo de Nelson Osorio /
_cLuis Hachim Lara.
260 _aSantiago, Chile :
_bUniversidad de Alicante :
_bUniversidad de Santiago,
_c2000.
300 _a110 p. ;
_c18 cm.
490 1 _aCuadernos de América sin nombre
_vno. 2
504 _aIncluye referencias bibliograficas y notas al pie de las páginas
504 _aBibliografías: p. 108-110
650 4 _aLiteratura hispanoaméricana
_xHistoria y crítica
_96273
650 4 _aLiteratura latinoaméricana
_xHistoria y crítica
_95706
650 4 _aIdentidad cultural
_zLatinoaméricana
_912489
700 1 _aOsorio, Nelson,
_epról.
_912490
830 0 _aCuadernos de América sin nombre ;
_vno. 2.
_97436
910 _aCatalogación por copia / LC
999 _c4042
_d4042